compare the growth of four rubber clones (RRIC 100, pb 260 PB235 និងGT1)នៅក្រុមហ៊ុន ម៉ុងឬទ្ធី គ្រុប ខូអិលធីធី (Record no. 19164)

000 -LEADER
fixed length control field 00565nam a22001577a 4500
003 - CONTROL NUMBER IDENTIFIER
control field LRUA
005 - DATE AND TIME OF LATEST TRANSACTION
control field 20200428144450.0
008 - FIXED-LENGTH DATA ELEMENTS--GENERAL INFORMATION
fixed length control field 200428b xxu||||| |||| 00| 0 eng d
040 ## - CATALOGING SOURCE
Transcribing agency RUA
082 ## - DEWEY DECIMAL CLASSIFICATION NUMBER
Classification number RUB THA 2018 B662 Or.1
100 ## - MAIN ENTRY--PERSONAL NAME
9 (RLIN) 14234
Personal name THAN VIRAK ថន វិរៈ
245 ## - TITLE STATEMENT
Title compare the growth of four rubber clones (RRIC 100, pb 260 PB235 និងGT1)នៅក្រុមហ៊ុន ម៉ុងឬទ្ធី គ្រុប ខូអិលធីធី
260 ## - PUBLICATION, DISTRIBUTION, ETC. (IMPRINT)
Place of publication, distribution, etc. RUA
Name of publisher, distributor, etc. Phnom penh
Date of publication, distribution, etc. 2018
300 ## - PHYSICAL DESCRIPTION
Extent ix40p
Other physical details ill;
Dimensions 29cm
942 ## - ADDED ENTRY ELEMENTS (KOHA)
Source of classification or shelving scheme
Koha item type RUB
Holdings
Price effective from Date last seen Permanent Location Not for loan Date acquired Source of classification or shelving scheme Koha item type Barcode Lost status Damaged status Shelving location Withdrawn status Current Location Full call number
2020-04-282020-04-28Library Block B 2020-04-28 RUBA42490  B662 Library Block BRUB THA 2018 B662 Or.1
2020-04-282020-04-28Library Block B 2020-04-28 RUBA42292  B622 Library Block BRUB THA 2018 B662 Or.2
2020-04-282020-04-28Library Block B 2020-04-28 RUBA43277  B622 Library Block BRUB THA 2018 B662 Or.3
2020-04-282020-04-28Library Block B 2020-04-28 RUBA42217  B622 Library Block BRUB THA 2018 B662 Or.4
2020-04-282020-04-28Library Block B 2020-04-28 RUBA43860  B622 Library Block BRUB THA 2018 B662 Or.5
2020-04-282020-04-28Library Block B 2020-04-28 RUBA42250  B622 Library Block BRUB THA 2018 B662 Or.6
មជ្ឈមណ្ឌលឯការនៃសាកលវិទ្យាល័យភូមិន្ទកសិកម្មចំការដូង

Powered by Koha